000 00489nam a2200205Ia 4500
003 OSt
005 20221005120505.0
006 a|||||r|||| 00| 0
007 ta
008 221004b |||||||| |||| 00| 0 mar d
024 _a46641
037 _cTextual
040 _aCRL
_cCRL
_bmar
041 _2mar
_amar
082 _aQ22:223:g, 155K1
245 0 _aEknathdarshan
650 _aRELIGION
942 _hQ22:223:g, 155K1
_cTEXL
_2cc
999 _c1038242
_d1038242